[Event "Donner mem op"]
[Site "Amsterdam"]
[Date "1996.??.??"]
[Round "8"]
[White "Ree, Hans"]
[Black "Peelen, Piet"]
[Result "1-0"]
[WhiteElo "2440"]
[BlackElo "2350"]

1.c4 e6 2.Nf3 d5 3.b3 Nf6 4.g3 a5 5.Nc3 c6 6.Bg2 Bb4 7.Bb2 Qe7 8.a3 Bd6 9.O-O Nbd7
10.Qc2 O-O 11.d4 b6 12.Nd2 Bb7 13.e4 dxe4 14.Ncxe4 Nxe4 15.Nxe4 c5 16.Rfe1 cxd4
17.Nxd6 Bxg2 18.Nf5 Qg5 19.Kxg2 d3 20.Qxd3 Nc5 21.Qc3 exf5 22.Re5 Qg6 23.Qf3 Rad8
24.Rd5 Rxd5 25.cxd5 Rd8 26.Be5 Qg4 27.Rd1 Rd7 28.b4 axb4 29.axb4 Qxf3+ 30.Kxf3 Nb7
31.Ke3 f6 32.Bb8 Re7+ 33.Kd3 Kf7 34.Kc4 Re8 35.Bf4 g5 36.Be3 Nd6+ 37.Kd3 Re5
38.Kc3 b5 39.Bc5 Ke7 40.f4 gxf4 41.gxf4 Re4 42.Ra1  1-0

[Event "RUS-ch sf"]
[Site "Arkhangelsk"]
[Date "1996.??.??"]
[Round "?"]
[White "Simonov, Viktor"]
[Black "Dokuchaev, Aleksander"]
[Result "0-1"]
[WhiteElo "2315"]
[BlackElo "2415"]

1.c4 e6 2.Nf3 d5 3.g3 g6 4.Bg2 Bg7 5.O-O Ne7 6.d3 dxc4 7.Qa4+ Nbc6 8.dxc4 Bd7
9.Qa3 Nf5 10.Bg5 f6 11.Bd2 Nd6 12.Qd3 e5 13.c5 Nf7 14.e4 Be6 15.Qb5 Qc8 16.Nc3 O-O
17.Be3 f5 18.Rad1 Kh8 19.exf5 gxf5 20.Nh4 f4 21.gxf4 Bh3 22.f5 Bxg2 23.Kxg2 Bf6
24.Qc4 Nd4 25.Bxd4 Bxh4 26.Be3 Qxf5 27.Qe4 Ng5 28.Qxf5 Rxf5 29.Bxg5 Rxg5+
30.Kh1 Rag8 31.Ne4 Rg4 32.f3 Rg2 33.Rd2 Rxd2 34.Nxd2 Bg5 35.Ne4 Be3 36.b3 Rg6
37.Rd1 Bd4 38.Rc1 Kg7 39.Ng3 Kf6 40.Kg2 Ke6 41.Kh3 Kd5  0-1

[Event "RUS-ch sf"]
[Site "Arkhangelsk"]
[Date "1996.??.??"]
[Round "?"]
[White "Cherniaev, Alexander"]
[Black "Zarubin, Pavel"]
[Result "1/2-1/2"]
[WhiteElo "2430"]
[BlackElo "2450"]

1.c4 e6 2.Nf3 d5 3.b3 Nf6 4.Bb2 Be7 5.g3 O-O 6.Bg2 b6 7.O-O Bb7 8.e3 Nbd7
9.Qe2 Re8 10.Rd1 Bd6 11.Nc3 a6 12.d4 Qe7 13.a3 dxc4 14.bxc4 c5 15.d5 exd5
16.Nh4 g6 17.Nxd5 Bxd5 18.Bxd5 Nxd5 19.Rxd5 Be5 20.Rad1 Rad8 21.Rb1 Bxb2
22.Qxb2 Rb8 23.Rbd1 Nf8 24.Ng2 b5 25.Nf4 bxc4 26.Qc2 Ne6 27.Rd7 Qf6 28.Qxc4 Nxf4
29.exf4 Rbd8 30.Qxc5 Rxd7 31.Rxd7 Qe6 32.Rd1 Rc8 33.Qd6 Qe2 34.Rb1 Qe4  1/2-1/2

[Event "Asti op"]
[Site "Asti"]
[Date "1996.??.??"]
[Round "?"]
[White "Skembris, Spyridon"]
[Black "Luther, Thomas"]
[Result "1-0"]
[WhiteElo "2420"]
[BlackElo "2495"]

1.c4 e6 2.Nf3 d5 3.e3 Nf6 4.Nc3 c6 5.Qc2 Nbd7 6.d4 Bd6 7.Bd2 O-O 8.Bd3 a6
9.O-O h6 10.a4 b6 11.e4 dxc4 12.Bxc4 e5 13.Ne2 exd4 14.Nexd4 c5 15.Nf5 Ne5
16.Nxd6 Nxf3+ 17.gxf3 Qxd6 18.Kh1 Be6 19.Be2 Ne8 20.Rg1 f5 21.Rg6 Rf6 22.e5 Qxe5
23.Bc3 Qxc3 24.Rxg7+ Nxg7 25.Qxc3 Rg6 26.Rg1 Rxg1+ 27.Kxg1 a5 28.Qf6 Kh7
29.h4 h5 30.f4 Rg8 31.Kf1 Bd5 32.Qxb6 Ne6 33.Qd6 Rd8 34.Qe7+ Kg6 35.Bb5  1-0

[Event "AUT-chT2O 9697"]
[Site "Austria"]
[Date "1996.??.??"]
[Round "?"]
[White "Banas, Jan"]
[Black "Koutsin, Sergey"]
[Result "1/2-1/2"]
[WhiteElo "2370"]
[BlackElo "2435"]

1.c4 e6 2.Nf3 d5 3.g3 Nf6 4.Bg2 dxc4 5.Qa4+ Nbd7 6.O-O a6 7.Qxc4 b5 8.Qc6 Rb8
9.d4 Bb7 10.Qc2 c5 11.Nbd2 Rc8 12.dxc5 Bxc5 13.Qd3 O-O 14.Nb3 Be4 15.Qd2 Be7
16.Nfd4 Bxg2 17.Kxg2 Ne5 18.Nf3 Nc4 19.Qxd8 Rfxd8 20.a4 b4 21.Rb1 Ne4 22.Ne1 f5  1/2-1/2

[Event "AUT-chT2W 9596"]
[Site "Austria"]
[Date "1996.??.??"]
[Round "?"]
[White "Hardicsay, Peter"]
[Black "Atlas, Dimitry"]
[Result "1/2-1/2"]
[WhiteElo "2365"]
[BlackElo "2350"]

1.c4 e6 2.Nf3 d5 3.e3 Nf6 4.d4 Nbd7 5.Nc3 c6 6.Qc2 Bd6 7.Bd3 O-O 8.O-O dxc4
9.Bxc4 e5 10.Rd1 Qc7 11.h3 exd4 12.Nxd4 Ne5 13.Be2 Re8 14.b3 a6 15.Bb2 Bf8
16.Rac1 Bd7 17.Nf3  1/2-1/2

[Event "AUT-chT9697"]
[Site "Austria"]
[Date "1996.??.??"]
[Round "6"]
[White "Casagrande, Harald"]
[Black "Lukacs, Peter"]
[Result "0-1"]
[WhiteElo "2365"]
[BlackElo "2475"]

1.c4 e6 2.Nf3 d5 3.cxd5 exd5 4.d4 c6 5.Bg5 Nf6 6.Nc3 Bf5 7.e3 Nbd7 8.Bd3 Bxd3
9.Qxd3 Be7 10.O-O O-O 11.Rab1 a5 12.Qc2 Ne4 13.Bxe7 Qxe7 14.Nxe4 dxe4 15.Nd2 Nf6
16.Rfc1 Rad8 17.b4 axb4 18.Qc5 Qxc5 19.Rxc5 Ra8 20.Re5 Rxa2 21.Nxe4 Nxe4
22.Rxe4 Rfa8 23.g4 Ra1 24.Re8+ Rxe8 25.Rxa1 b6 26.Kf1 c5 27.Ke2 cxd4 28.Ra4 dxe3
29.fxe3 Kf8 30.Rxb4 Re6 31.h4 Ke7 32.Ra4 Rd6 33.Ra8 h6 34.Rb8 Kf6 35.Kf3 Ke5
36.Rb7 Rf6+ 37.Ke2 g5 38.hxg5 hxg5 39.Rb8 Rd6 40.Rb7 f6 41.Rb8 Kd5 42.Kd3 Kc5+
43.Ke4 b5 44.Kf5 b4 45.e4 Rb6 46.Rc8+ Kd4 47.Rd8+ Ke3 48.Rd1 Rb5+ 49.e5 Rxe5+
50.Kxf6 Rb5 51.Rb1 Kf4  0-1

[Event "AUT-chT2O 9697"]
[Site "Austria"]
[Date "1996.??.??"]
[Round "6"]
[White "Humer, Wolfgang"]
[Black "Pingitzer, Harald"]
[Result "0-1"]
[WhiteElo "2285"]
[BlackElo "2255"]

1.Nf3 e6 2.c4 d5 3.g3 Nf6 4.Bg2 Be7 5.O-O O-O 6.d4 dxc4 7.Nbd2 c5 8.Nxc4 Nc6
9.dxc5 Bxc5 10.b3 Qe7 11.Bb2 Rd8 12.Qc1 Bd7 13.Qg5 h6 14.Qh4 Be8 15.Rac1 Rac8
16.Nfe5 Nd4 17.Rfe1 Nf5 18.Qf4 b5 19.Na5 Bd4 20.Rxc8 Rxc8 21.Rc1 Rxc1+ 22.Qxc1 Qb4
23.Bxd4 Nxd4 24.Nac6 Nxe2+ 25.Kf1 Nxc1 26.Nxb4 a5 27.Nbc6 Bxc6 28.Bxc6 b4
29.Nc4 Nxa2 30.Nxa5 Kf8 31.Ke2 Ke7 32.Bf3 Nd7 33.Ke3 Ne5 34.Be2 Kd6 35.Kd4 Nc3
36.Nc4+ Nxc4 37.Bxc4 e5+ 38.Kd3 f6 39.Bg8 Kc5 40.f4 e4+ 41.Ke3 f5 42.Be6 Nd5+
43.Ke2 Ne7 44.Ke3 g6 45.h4 Nd5+ 46.Ke2 Kd4 47.Bf7 Nc3+ 48.Ke1 Ke3 49.h5 gxh5
50.Bxh5 Nb5 51.Bg6 Nd4  0-1

[Event "AUT-chT9596"]
[Site "?"]
[Date "1996.??.??"]
[Round "?"]
[White "Brestian, Egon"]
[Black "Teske, Henrik"]
[Result "1/2-1/2"]
[WhiteElo "2450"]
[BlackElo "2510"]

1.c4 e6 2.Nf3 d5 3.g3 dxc4 4.Qa4+ Nd7 5.Qxc4 a6 6.Bg2 b5 7.Qc2 Bb7 8.O-O Ngf6
9.a4 c5 10.d3 Qb6 11.axb5 axb5 12.Rxa8+ Bxa8 13.b4 Bb7 14.bxc5 Bxc5 15.Bb2 O-O
16.Nbd2 Rc8  1/2-1/2

[Event "AUT-chT9596"]
[Site "?"]
[Date "1996.??.??"]
[Round "?"]
[White "Titz, Heimo"]
[Black "Sommerbauer, Norbert"]
[Result "1/2-1/2"]
[WhiteElo "2305"]
[BlackElo "2385"]

1.c4 e6 2.Nf3 d5 3.d4 dxc4 4.Nc3 c6 5.a4 Bb4 6.Bd2 Nf6 7.e3 O-O 8.Bxc4 Nbd7
9.O-O c5 10.Qe2 cxd4 11.exd4 Nb6 12.Bb3 a5 13.Bg5 Be7 14.Rfd1 Bd7 15.Ne5 Bc6
16.Nxc6 bxc6 17.Rac1 Nbd5 18.Bc4 Rb8 19.b3 Nxc3 20.Rxc3 Nd5 21.Bxd5 cxd5
22.Bxe7 Qxe7 23.Rdd3 Qb4 24.g3 g6  1/2-1/2

[Event "AUT-ch"]
[Site "AUT"]
[Date "1996.??.??"]
[Round "9"]
[White "Sulyok, Michael"]
[Black "Salamon, Werner"]
[Result "1-0"]
[WhiteElo "2205"]
[BlackElo "2245"]

1.c4 e6 2.Nf3 d5 3.g3 Nf6 4.b3 Be7 5.Bg2 O-O 6.Bb2 c5 7.O-O Nc6 8.e3 b6 9.Qe2 Bb7
10.d3 Re8 11.Nbd2 Nd7 12.Rfd1 Bf6 13.d4 cxd4 14.exd4 Rc8 15.Rac1 Qe7 16.Nf1 dxc4
17.bxc4 Na5 18.Ne3 Rc7 19.Nd2 Bxg2 20.Kxg2 Rec8 21.Ne4 Qb4 22.Bc3 Qa4 23.Bxa5 Qxa5
24.d5 Qa3 25.Qg4 Bb2 26.dxe6 Ne5 27.Qg5 h6 28.Rd8+ Rxd8 29.Qxd8+ Qf8 30.Qxc7 fxe6
31.f4 Bxc1 32.Qxe5 Bxe3 33.Qxe6+ Kh8 34.Nd6 Bc5 35.Ne4 Qd8 36.Qd5 Qe7 37.Kf3 Bg1
38.Kg2 Be3 39.Kf3 Qa3 40.Kg4 Qxa2 41.Qd8+ Kh7 42.Qd3 g6 43.Qd7+ Kg8 44.Qe8+ Kg7
45.Qe7+ Kh8 46.Qf8+  1-0

[Event "Wch Seniors"]
[Site "Bad Liebenzell"]
[Date "1996.??.??"]
[Round "10"]
[White "Uhlmann, Wolfgang"]
[Black "Klovans, Janis"]
[Result "1/2-1/2"]
[WhiteElo "2460"]
[BlackElo "2530"]

1.c4 e6 2.Nf3 d5 3.d4 Nf6 4.Nc3 Be7 5.Bg5 O-O 6.e3 h6 7.Bh4 b6 8.Rc1 Bb7
9.cxd5 Nxd5 10.Bxe7 Qxe7 11.Bd3 Rc8 12.O-O c5 13.Ne5 Nf6 14.Qe2 Nbd7 15.Nxd7 Qxd7  1/2-1/2

[Event "Bad Woerishofen op"]
[Site "Bad Woerishofen"]
[Date "1996.??.??"]
[Round "2"]
[White "Schmitt, Axel"]
[Black "Gross, Markus"]
[Result "1-0"]
[WhiteElo "2350"]
[BlackElo "2160"]

1.Nf3 e6 2.c4 d5 3.g3 c6 4.b3 f5 5.Bg2 Nf6 6.O-O Bd6 7.d4 O-O 8.Ba3 Ne4 9.e3 Bxa3
10.Nxa3 Nd7 11.b4 Qe7 12.Qb3 g5 13.Rfd1 a5 14.Nc2 a4 15.Qd3 h5 16.h4 g4 17.Nfe1 b5
18.cxb5 cxb5 19.Na3 Ba6 20.Bxe4 fxe4 21.Qd2 Nb6 22.Ng2 Rac8 23.Nf4 Qf7 24.Rac1 Nc4
25.Nxc4 Rxc4 26.Rxc4 bxc4 27.b5 Bxb5 28.Qb4 Bd7 29.Qd6 Bc8 30.Rb1 Qd7 31.Qc5 Qf7
32.Rb6 Qe8 33.Rc6 Bd7 34.Rc7 Qf7 35.Qd6 Rd8 36.Qe5 Qf5 37.Qd6 Qf7 38.Qe5 Qf5
39.Nxh5 Qxe5 40.dxe5 Bb5 41.Nf6+ Kf8 42.h5  1-0

[Event "Baku Cup"]
[Site "Baku"]
[Date "1996.??.??"]
[Round "?"]
[White "Allahverdiev, Anar"]
[Black "Bagirov, Rufat"]
[Result "0-1"]
[WhiteElo "2290"]
[BlackElo "2305"]

1.c4 e6 2.Nf3 d5 3.b3 Nf6 4.g3 c5 5.Bg2 Nc6 6.O-O Be7 7.Bb2 O-O 8.e3 b6 9.Nc3 Bb7
10.Qe2 Rc8 11.Rfd1 Qc7 12.cxd5 exd5 13.d4 Nb4 14.Nb5 Ba6 15.Bh3 Rcd8 16.a3 Nc6
17.Ne5 Na5 18.Rab1 Qb7 19.Ba1 Ne4 20.a4 Bf6 21.Qg4 Qe7 22.Bg2 Bc8 23.Qe2 Be6
24.Nc3 Bxe5 25.dxe5 Nxc3 26.Bxc3 Nxb3 27.Qb5 d4 28.Be1 dxe3 29.Rxd8 exf2+
30.Bxf2 Qxd8 31.Rxb3 Qd1+  0-1

[Event "AZE-ch"]
[Site "Baku"]
[Date "1996.??.??"]
[Round "?"]
[White "Allahverdiev, Anar"]
[Black "Bagirov, Rufat"]
[Result "1-0"]
[WhiteElo "2290"]
[BlackElo "2305"]

1.c4 e6 2.Nf3 d5 3.g3 Nf6 4.Bg2 Be7 5.O-O O-O 6.b3 c5 7.Bb2 Nc6 8.e3 b6 9.Nc3 Bb7
10.d3 Qd7 11.Qe2 Rfd8 12.Rfd1 Rac8 13.h3 d4 14.exd4 cxd4 15.Nb5 Bc5 16.a3 a6
17.b4 axb5 18.cxb5 Nxb4 19.Ne5 Qc7 20.Bxb7 Nxd3 21.Rxd3 Qxb7 22.Nc6 Rd5 23.Bxd4 Bxd4
24.Rxd4 Rxd4 25.Nxd4 Qd5 26.Nc6 Kf8 27.a4 Ra8 28.Rd1 Qc5 29.Rd4 Nd5 30.Qd3 Kg8
31.Rc4 Qd6 32.Nb4 g6 33.Nc6 Qf8 34.h4 Qg7 35.Qb1 Qf6 36.a5 Qf3 37.a6 Ne3
38.Qe4 Qd1+ 39.Kh2 Nxc4 40.Ne7+ Kg7 41.Qxa8 Nd2 42.Qh1 Qe2 43.a7 Qxf2+ 44.Kh3 Nf3
45.Qa1+ e5 46.a8=Q Ng1+ 47.Qxg1 Qxg1 48.Qg8+ Kf6 49.Nd5+ Ke6 50.Qc8+  1-0

[Event "Balatonbereny IM-B"]
[Site "Balatonbereny"]
[Date "1996.??.??"]
[Round "6"]
[White "Farago, Sandor"]
[Black "Proehl, Holger"]
[Result "0-1"]
[WhiteElo "2365"]
[BlackElo "2380"]

1.c4 e6 2.Nf3 d5 3.g3 Nf6 4.b3 d4 5.Bb2 c5 6.b4 Be7 7.Bg2 O-O 8.O-O a5 9.bxc5 Bxc5
10.Na3 Nc6 11.Nb5 e5 12.d3 Re8 13.Nd2 a4 14.Ba3 Bxa3 15.Nxa3 Bf5 16.Rb1 Qe7
17.Nb5 Red8 18.Qc2 Rd7 19.c5 Be6 20.Nd6 Nd8 21.Rfc1 Rc7 22.Qb2 Bd5 23.Bxd5 Nxd5
24.N2e4 h6 25.Rc4 Qd7 26.Nb5 Rc6 27.Rbc1 Rg6 28.Kh1 h5 29.Nbd6 h4 30.Rg1 Qh3
31.Rcc1 f5 32.Nd2 hxg3 33.fxg3 Ne3 34.Nf3 Kh7 35.Qb5 Rb8 36.Qd7 Nc6 37.Rb1 Rd8
38.Qc7 Rdxd6 39.cxd6 e4 40.Nh4 Ne5 41.g4 N5xg4 42.Rg2 Qxg2+ 43.Nxg2 Nf2+  0-1

[Event "Balatonbereny op"]
[Site "Balatonbereny"]
[Date "1996.??.??"]
[Round "9"]
[White "Almasi, Istvan"]
[Black "Szabo, Zsolt"]
[Result "1-0"]
[WhiteElo "2405"]
[BlackElo "2370"]

1.c4 e6 2.Nf3 d5 3.g3 dxc4 4.Qa4+ Nd7 5.Bg2 a6 6.Qxc4 c5 7.O-O b5 8.Qc2 Bb7
9.b3 Ngf6 10.Bb2 Be7 11.d3 O-O 12.Nbd2 Qb6 13.Rac1 Rac8 14.Qb1 Rfd8 15.Qa1 Ne8
16.Ne4 Ndf6 17.Nfd2 Nxe4 18.Nxe4 Bxe4 19.dxe4 Bf6 20.e5 Be7 21.Rfd1 Nc7 22.e4 b4
23.Bf1 Nb5 24.Kg2 Rxd1 25.Rxd1 Rd8 26.Qb1 Qa5 27.Rxd8+ Qxd8 28.Qd3 Qa5 29.Qd7 Bf8
30.Bc4 Nc3 31.Bxe6 fxe6 32.Qxe6+ Kh8 33.Qe8 Kg8 34.Qe6+ Kh8 35.Qc8 Kg8 36.e6  1-0

[Event "Regionalliga SW9596"]
[Site "Bayern"]
[Date "1996.??.??"]
[Round "?"]
[White "Pronold, Helmut"]
[Black "Voss, Michael"]
[Result "0-1"]
[WhiteElo "1995"]
[BlackElo "1905"]

1.Nf3 e6 2.c4 d5 3.d4 f5 4.cxd5 exd5 5.Bg5 Nf6 6.e3 Bd6 7.Nc3 c6 8.Bd3 O-O
9.Qc2 Qd7 10.Bxf6 Rxf6 11.g4 fxg4 12.Bxh7+ Kh8 13.Nh4 g5 14.Ng6+ Kg7 15.Ne5 Bxe5
16.dxe5 Rh6 17.Bd3 Qe6 18.Ne2 Qxe5 19.O-O-O Nd7 20.Ng3 Nf6 21.Bf5 Rh3 22.e4 Bxf5
23.exf5 Re8 24.Kb1 Nh5 25.Qd2 Qf6 26.Qc2 Nxg3 27.fxg3 Qe5 28.Qf2 Qe3 29.Rhf1 Qxf2
30.Rxf2 Kf6 31.Rd4 Re4 32.Rdd2 Rh7 33.Kc2 Rhe7 34.Kc3 R7e5 35.b4 Rc4+ 36.Kb3 Re3+
37.Kb2 Rxb4+ 38.Kc2 Rc4+ 39.Kb2 Rf3 40.Rfe2 Re4 41.Rxe4 dxe4 42.Rd7 e3 43.Kc2 e2
44.Kd2 Re3 45.Ke1 Re7 46.Rd4 Kxf5 47.Rd2 b6 48.Rc2 c5 49.Rd2 b5 50.Rb2 b4
51.Rc2 Re5 52.Rc4 a5 53.Rc2 a4 54.Rb2 Ke6 55.Rd2 b3 56.axb3 axb3  0-1

[Event "Regionalliga NW9697"]
[Site "Bayern"]
[Date "1996.??.??"]
[Round "?"]
[White "Djeno, Drago"]
[Black "Cech, Pavel"]
[Result "1/2-1/2"]
[WhiteElo "2130"]
[BlackElo "2320"]

1.c4 e6 2.Nf3 d5 3.g3 Nf6 4.Bg2 Be7 5.b3 O-O 6.Bb2 Nbd7 7.O-O a5 8.Nc3 Nb6
9.Ne5 a4 10.Nxa4 Nxa4 11.bxa4 c6 12.d3 Qa5 13.Qb3 Qxa4 14.Rfb1 Rd8 15.Bc3 Qxb3  1/2-1/2

[Event "Regionalliga SO9697"]
[Site "Bayern"]
[Date "1996.??.??"]
[Round "?"]
[White "Cuadrado, Guillermo"]
[Black "Muharemagic, Asim"]
[Result "1/2-1/2"]
[WhiteElo "2155"]
[BlackElo "2120"]

1.c4 e6 2.Nf3 d5 3.g3 c5 4.Bg2 Nc6 5.O-O Nf6 6.b3 Be7 7.Bb2 O-O 8.e3 b6 9.Qe2 Bb7
10.d3 Rc8 11.Nbd2 Rc7 12.Rfd1 Qa8 13.Rac1 Rd8 14.cxd5 exd5 15.Ne5 Nxe5 16.Bxe5 Rc6
17.Nf3 Nd7 18.Bb2 Bf6 19.d4 cxd4 20.Rxc6 d3 21.Rxd3 Bxc6 22.Nd4 Nc5 23.Rd1 Bb7
24.Nf5 Bxb2 25.Qxb2 f6 26.Qd4 Kf7 27.Qh4 h6 28.Bh3 Ne4 29.Nd4 Bc8 30.Qh5+ Kf8
31.Ne6+ Bxe6 32.Bxe6 Ng5 33.Bg4 Qc6 34.h4 Nf7 35.Bf5 Ne5 36.Qe2 a5 37.a4 Ke7
38.Rd2 Nf7 39.Rc2 Qd6 40.Rd2 Ne5  1/2-1/2

[Event "Oberliga Bayern9697"]
[Site "Bayern"]
[Date "1996.??.??"]
[Round "?"]
[White "Gasthofer, Viktor"]
[Black "Jirovsky, Milos"]
[Result "1/2-1/2"]
[WhiteElo "2380"]
[BlackElo "2445"]

1.c4 e6 2.Nf3 d5 3.d4 Nf6 4.g3 dxc4 5.Qa4+ c6 6.Qxc4 b5 7.Qc2 Bb7 8.Bg2 Nbd7
9.O-O c5 10.a4 b4 11.Nbd2 Rc8 12.Qd3 Qc7  1/2-1/2

[Event "Benasque op"]
[Site "Benasque"]
[Date "1996.??.??"]
[Round "9"]
[White "Antunes, Antonio"]
[Black "Lalic, Susan"]
[Result "1-0"]
[WhiteElo "2540"]
[BlackElo "2365"]

1.Nf3 e6 2.c4 d5 3.d4 c5 4.g3 Nc6 5.Bg2 Nf6 6.O-O Be7 7.dxc5 Bxc5 8.a3 O-O
9.b4 Bb6 10.Bb2 Qe7 11.Nbd2 Rd8 12.Qc2 e5 13.cxd5 Nxd5 14.Rad1 Nd4 15.Nxd4 Bxd4
16.Nc4 Nb6 17.Nxe5 Bf5 18.Qxf5 Bxb2 19.Rxd8+ Rxd8 20.Nd3 Bxa3 21.Qa5 Nc4
22.Qxa7 Qxe2 23.Nf4 Qd2 24.Bd5 Rxd5 25.Nxd5 h5 26.Qxb7 Qe2 27.Nf4 Qg4 28.Qa8+  1-0

[Event "Berliner Sommer"]
[Site "Berlin"]
[Date "1996.??.??"]
[Round "4"]
[White "Pribyl, Josef"]
[Black "Boensch, Uwe"]
[Result "0-1"]
[WhiteElo "2460"]
[BlackElo "2525"]

1.c4 e6 2.Nf3 d5 3.b3 c5 4.g3 Nc6 5.Bg2 d4 6.O-O e5 7.d3 Bd6 8.Na3 h6 9.Nc2 Nf6
10.Bd2 O-O 11.a3 Bf5 12.b4 e4 13.Nfe1 b6 14.b5 Ne5 15.Bf4 Qc7 16.f3 exd3
17.exd3 Rae8 18.a4 Nxc4 19.dxc4 Bxf4 20.gxf4 Nh5 21.Nd3 Bxd3 22.Qxd3 Nxf4
23.Qd1 Re2 24.Rf2 Rfe8 25.Bf1 d3 26.Na3 Qe5 27.Ra2 Qg5+ 28.Kh1 Re1 29.Qd2 R8e2  0-1

[Event "Berliner Sommer"]
[Site "Berlin"]
[Date "1996.??.??"]
[Round "7"]
[White "Sokolovs, Andrei"]
[Black "Boensch, Uwe"]
[Result "1/2-1/2"]
[WhiteElo "2480"]
[BlackElo "2525"]

1.c4 e6 2.Nf3 d5 3.e3 Nf6 4.b3 c5 5.Bb2 Nc6 6.g3 Be7 7.Bg2 O-O 8.O-O b6 9.Nc3 dxc4
10.bxc4 Bb7 11.Qe2 Qc7 12.Rfd1 a6 13.Rab1 Rab8 14.Ba1 Na7 15.a4 Bc6 16.d3 Rfd8
17.Ne1 Ne8 18.f4 Bf6 19.Rd2 Bxg2 20.Qxg2 Qd7 21.g4 b5 22.axb5 axb5 23.Ne4  1/2-1/2

[Event "EUCup Gr7"]
[Site "Bratislava"]
[Date "1996.??.??"]
[Round "2"]
[White "Banas, Jan"]
[Black "Kujala, Auvo"]
[Result "1-0"]
[WhiteElo "2390"]
[BlackElo "2290"]

1.c4 e6 2.Nf3 d5 3.g3 Nf6 4.Bg2 Be7 5.O-O O-O 6.d4 dxc4 7.Qc2 a6 8.a4 Nc6
9.Qxc4 Qd5 10.Nbd2 Rd8 11.e3 Qxc4 12.Nxc4 Bd7 13.Nfe5 Nxe5 14.Nxe5 Bc8 15.Bd2 a5
16.Rfc1 c6 17.Nc4 Bb4 18.Bxb4 axb4 19.Nb6 Ra6 20.Nxc8 Rxc8 21.Rc4 Rb6 22.a5 Rb5
23.Ra4 Ra8 24.Rcxb4 Rxb4 25.Rxb4 Rxa5 26.Bxc6  1-0

[Event "Slovan op"]
[Site "Bratislava"]
[Date "1996.??.??"]
[Round "5"]
[White "Stryjecki, Marek"]
[Black "Harasta, Vladimir"]
[Result "1-0"]
[WhiteElo "2135"]
[BlackElo "2170"]

1.c4 e6 2.Nf3 d5 3.b3 Nf6 4.Bb2 Be7 5.e3 O-O 6.g3 b6 7.Bg2 Bb7 8.O-O Nbd7
9.Qe2 Re8 10.Nc3 Ne4 11.Rfd1 Bf6 12.Rac1 Nxc3 13.dxc3 Qe7 14.cxd5 Bxd5 15.e4 Bc6
16.e5 Bxf3 17.exf6 Bxe2 18.fxe7 Bxd1 19.Rxd1  1-0

[Event "Budapest FS07 GM"]
[Site "Budapest"]
[Date "1996.??.??"]
[Round "1"]
[White "Csom, Istvan"]
[Black "Pedersen, Daniel Vesterbaek"]
[Result "1-0"]
[WhiteElo "2460"]
[BlackElo "2330"]

1.c4 e6 2.Nf3 d5 3.b3 Nf6 4.Bb2 Be7 5.cxd5 exd5 6.e3 O-O 7.Be2 Bg4 8.d3 Nbd7
9.Nbd2 a5 10.a3 Ne8 11.O-O Nd6 12.Qc2 c6 13.e4 Re8 14.Rfe1 Nb5 15.Bf1 Qb6
16.h3 Bh5 17.a4 Nc7 18.Nd4 Bc5 19.N2f3 Ne5 20.Rac1 Nxf3+ 21.Nxf3 Na6 22.g4 Bg6
23.exd5 cxd5 24.Kg2 f6 25.Rxe8+ Rxe8 26.Nh4 Bf7 27.d4 Bd6 28.Bb5 Nb4 29.Qd2 Nc6
30.Nf5 Bb4 31.Bc3 Re6 32.Bxb4 axb4 33.Rc5 h6 34.Qc2 Bg6 35.Bxc6 bxc6 36.Ne7+ Rxe7
37.Qxg6 Re4 38.Qf5 Qb7 39.a5 Rxd4 40.Qe6+ Kh7 41.Rxc6  1-0

[Event "Elekes mem"]
[Site "Budapest"]
[Date "1996.??.??"]
[Round "1"]
[White "Wohlfahrt, Herbert J"]
[Black "Varga, Zoltan"]
[Result "0-1"]
[WhiteElo "2250"]
[BlackElo "2540"]

1.c4 e6 2.Nf3 d5 3.e3 Nf6 4.Nc3 dxc4 5.Bxc4 c5 6.O-O a6 7.d4 b5 8.Bd3 Bb7
9.Qe2 Nbd7 10.Rd1 Qb6 11.a4 b4 12.Nb1 Qc7 13.Nbd2 Be7 14.Nc4 O-O 15.Bd2 Ne4
16.Be1 Rfd8 17.Rac1 a5 18.Nfe5 Nf8 19.Bb1 Rac8 20.f3 Nf6 21.dxc5 Rxd1 22.Rxd1 Bxc5
23.Bg3 Ba6 24.b3 Nd5 25.Qd2 Qa7 26.Bf2 f6 27.Nd3 Bxc4 28.Nxc5 Nc3 29.e4 Nxd1
30.Qxd1 Ba6 31.Qd6 Be2 32.h4 Qc7 33.Qd2 Ba6 34.Be3 Rd8 35.Qe1 Qc6 36.e5 f5
37.g4 Qxf3  0-1

[Event "Budapest FS10 IM"]
[Site "Budapest"]
[Date "1996.??.??"]
[Round "4"]
[White "Farago, Sandor"]
[Black "Jamrich, Gyorgy"]
[Result "1-0"]
[WhiteElo "2285"]
[BlackElo "2295"]

1.c4 e6 2.Nf3 d5 3.g3 Nf6 4.Bg2 dxc4 5.Qa4+ Nbd7 6.Qxc4 a6 7.Qc2 c5 8.Nc3 Be7
9.O-O O-O 10.d4 Ra7 11.dxc5 Bxc5 12.Na4 b6 13.Nxc5 Nxc5 14.Rd1 Qe7 15.Nd4 Bb7
16.Nc6 Bxc6 17.Bxc6 Rc7 18.Bf3 Rfc8 19.Be3 b5 20.Qd2 Na4 21.Rac1 h6 22.Rxc7 Qxc7
23.Qb4 Qe5 24.Bd4 Qf5 25.b3 Qc2 26.Qe1 Nc3 27.Rd2 Qb1 28.Qxb1 Nxb1 29.Rb2 Na3
30.Bb7 Rc1+ 31.Kg2 a5 32.Bb6 a4 33.bxa4 bxa4 34.Be3 Rc7 35.Ba6 Nd5 36.Rb8+ Kh7
37.Bd3+ f5 38.Bd4 Nc4 39.e4 Ne7 40.exf5 exf5 41.Rb4  1-0

[Event "Budapest FS11 IM"]
[Site "Budapest"]
[Date "1996.??.??"]
[Round "10"]
[White "Farago, Sandor"]
[Black "Jamrich, Gyorgy"]
[Result "1-0"]
[WhiteElo "2285"]
[BlackElo "2295"]

1.c4 e6 2.Nf3 d5 3.g3 dxc4 4.Qa4+ Nd7 5.Qxc4 c5 6.Bg2 Ngf6 7.O-O Be7 8.d4 O-O
9.dxc5 Nxc5 10.Nc3 b6 11.Rd1 Qe8 12.b4 Ba6 13.b5 Bb7 14.Ne5 Bxg2 15.Kxg2 Nfd7
16.Nc6 Bf6 17.Bf4 e5 18.Be3 Kh8 19.Nd5 Qe6 20.Rac1 Rfc8 21.a4 Rxc6 22.bxc6 Qxc6
23.a5 Be7 24.Kg1 Bf8 25.axb6 axb6 26.Rb1 Kg8 27.Qb5 Qg6 28.Bxc5 Nxc5 29.Qxb6 Ne6
30.Qc6 Rd8 31.Ne3 Rxd1+ 32.Rxd1 h6 33.Qc2 Qh5 34.Qf5 Qxe2 35.Rd7 Ng5 36.h4 Nf3+
37.Kg2 Ne1+ 38.Kh3 Qf3 39.Rxf7 Qh1+ 40.Kg4 Qa8 41.Nd5 e4 42.Ne7+ Bxe7 43.Rxe7  1-0

[Event "Budapest FS07 GM"]
[Site "Budapest"]
[Date "1996.??.??"]
[Round "10"]
[White "Csom, Istvan"]
[Black "Zifroni, Dov"]
[Result "1/2-1/2"]
[WhiteElo "2460"]
[BlackElo "2490"]

1.c4 e6 2.Nf3 d5 3.g3 g6 4.d4 Bg7 5.Bg5 Ne7 6.Nc3 Nbc6 7.cxd5 exd5 8.Bg2 f6
9.Bc1 Bg4 10.b3 Qd7 11.Na4 b6 12.Ba3 h5 13.Rc1 O-O-O 14.Qd3 Kb8 15.e3 g5
16.h3 Be6 17.Qc3 Rde8 18.h4 Bg4 19.Kf1 Nd8 20.Bxe7 Rxe7 21.Qb4 Rhe8 22.Kg1 Nb7
23.Nd2 c6 24.Nf1 Re6 25.f3 Bf5 26.hxg5 fxg5 27.Rxh5 Qf7 28.Rxg5 Bh6 29.Rxf5 Qxf5
30.f4 Qd3 31.Qc3 Qh7 32.Nb2 Qh8 33.Nd1 Bg7 34.Nf2 Rd6 35.Qd3 Qh5 36.g4 Qh4
37.g5 Nd8 38.Qf5 Qh8 39.Qh3 Qg8 40.Nd3 Ne6 41.Ne5 Nxg5 42.Qh5 Bxe5  1/2-1/2

[Event "Calcutta op"]
[Site "Calcutta"]
[Date "1996.??.??"]
[Round "9"]
[White "Gokhale, Jayant Suresh"]
[Black "Neelakantan, Narayanan"]
[Result "0-1"]
[WhiteElo "2375"]
[BlackElo "2295"]

1.c4 e6 2.Nf3 d5 3.g3 c5 4.Bg2 Nf6 5.O-O Nc6 6.cxd5 exd5 7.d4 Be7 8.Nc3 O-O
9.Bf4 Bg4 10.dxc5 d4 11.Na4 Qd7 12.Re1 Rad8 13.Rc1 Rfe8 14.a3 Ne4 15.b4 Bf6
16.Nd2 Nc3 17.Nxc3 dxc3 18.Ne4 Qxd1 19.Rexd1 Rxd1+ 20.Rxd1 c2 21.Re1 Bb2
22.f3 Rxe4 23.fxe4 Bxa3 24.Be3 a5 25.b5 Ne5 26.c6 bxc6 27.b6 Bc8 28.Ra1 Nc4
29.Bc1 Bc5+ 30.Kh1 Bxb6 31.Ra2 Be6 32.Rxc2 Kf8 33.Bf3 Ke7 34.Kg2 Kd7 35.h3 g6
36.g4 a4 37.g5 Ne5 38.Bf4 Bc7 39.Bc1 Bd6 40.Rc3 Bb4 41.Re3 c5 42.Bg4 Nxg4
43.hxg4 c4 44.Rh3 c3 45.Rd3+ Kc6  0-1

[Event "Cannes op"]
[Site "Cannes"]
[Date "1996.??.??"]
[Round "5"]
[White "Nikcevic, Nebojsa"]
[Black "Gerber, Richard"]
[Result "1/2-1/2"]
[WhiteElo "2485"]
[BlackElo "2355"]

1.Nf3 e6 2.c4 d5 3.d4 c6 4.Qc2 Nf6 5.e3 Bd6 6.Nc3 Nbd7 7.Bd2 O-O 8.O-O-O Qe7
9.e4 dxe4 10.Nxe4 Nxe4 11.Qxe4 e5 12.Bg5 f6 13.Bd3 g6 14.c5 Bc7 15.Bh6 Re8
16.Bc4+ Kh8 17.Rhe1 f5 18.Qe3 e4 19.Ng5 Nf6 20.Nf7+ Kg8 21.Nd6+ Be6 22.Nxe8 Rxe8
23.Be2 Nd5 24.Qd2 b6 25.cxb6 axb6 26.Bc4 Ra8 27.Bg5 Qf7 28.f3 b5 29.fxe4 Ba5
30.Qxa5 Rxa5 31.exd5 cxd5 32.Bb3 Kg7 33.Bf4 h6 34.h4 Ra6 35.Rd2 Rc6+ 36.Kb1 g5
37.hxg5 hxg5 38.Be5+ Kf8 39.g3 Qh7 40.Ka1 Qh5 41.Bc2 Ke7 42.a3 Qf3 43.Bd3 Rc4
44.Bb1 Kd7 45.Rd3 Qg2 46.Rb3 b4 47.axb4 Qd2 48.Rf1 Rxb4 49.Rxb4 Qxb4 50.Bxf5 Qa4+
51.Kb1 Bxf5+ 52.Rxf5  1/2-1/2

[Event "Cannes op"]
[Site "Cannes"]
[Date "1996.??.??"]
[Round "8"]
[White "Bricard, Emmanuel"]
[Black "Palac, Mladen"]
[Result "0-1"]
[WhiteElo "2470"]
[BlackElo "2545"]

1.c4 e6 2.Nf3 d5 3.b3 Nf6 4.g3 b6 5.Bg2 Bb7 6.O-O Nbd7 7.Bb2 Bd6 8.cxd5 exd5
9.Nc3 O-O 10.Rc1 a6 11.Qc2 Re8 12.e3 Rc8 13.Ne2 c5 14.Rfe1 d4 15.exd4 cxd4
16.Qb1 Rxc1 17.Qxc1 Bxf3 18.Bxf3 Ne5 19.Nxd4 Nd3 20.Rxe8+ Qxe8 21.Qb1 Nxb2
22.Nc6 Ba3 23.Qc2 h5 24.Kg2 Qe6 25.Nd4 Qd7 26.Qc3 Nd5  0-1

[Event "WLS-ch"]
[Site "Cardiff"]
[Date "1996.??.??"]
[Round "1"]
[White "Roe, Simon J"]
[Black "Price, C."]
[Result "0-1"]
[WhiteElo "2275"]
[BlackElo "2135"]

1.c4 e6 2.Nf3 d5 3.cxd5 exd5 4.d4 Nf6 5.Bg5 Be7 6.e3 c6 7.Nc3 Ne4 8.Bxe7 Qxe7
9.Be2 O-O 10.O-O Nd7 11.Qc2 f5 12.Rab1 f4 13.exf4 Rxf4 14.Bd3 Rxf3 15.gxf3 Ng5
16.Be2 Nh3+ 17.Kh1 Qh4 18.Nd1 Nf6 19.b4 Nh5 20.b5 N5f4 21.Bd3 Ng5 22.Bxh7+ Nxh7
23.bxc6 Qh3 24.Ne3 Qxf3+  0-1